Countries of Asia, but Invisible? - Statistics

General Stats
  • This quiz has been taken 44 times
  • The average score is 44 of 48
Answers on the Map
Answers color-coded by a green-red scale on the quiz's map according to % correct below.
 
Answer Stats
Answer % Correct
China
100%
India
100%
Iran
100%
Iraq
100%
Kazakhstan
100%
Malaysia
100%
Mongolia
100%
Oman
100%
Pakistan
100%
Afghanistan
96%
Azerbaijan
96%
Indonesia
96%
Israel
96%
Japan
96%
Jordan
96%
Saudi Arabia
96%
Turkey
96%
United Arab Emirates
96%
Armenia
91%
Bangladesh
91%
Cambodia
91%
Kyrgyzstan
91%
Laos
91%
Nepal
91%
North Korea
91%
Qatar
91%
Singapore
91%
South Korea
91%
Tajikistan
91%
Thailand
91%
Turkmenistan
91%
Uzbekistan
91%
Yemen
91%
Bhutan
87%
Brunei
87%
Georgia
87%
Kuwait
87%
Maldives
87%
Myanmar
87%
Philippines
87%
Syria
87%
Timor Leste
87%
Vietnam
87%
Bahrain
83%
Lebanon
83%
Sri Lanka
83%
Cyprus
70%
Taiwan
70%
No matching quizzes found
Score Distribution
Percent of People with Each Score
Percentile by Number Answered
Your Score History
You have not taken this quiz